[Event "Junior Online 4NCL Division 3"]
[Site "online"]
[Date "2020.09.03"]
[Round "2.166"]
[White "Baranidharan, Kritthik"]
[Black "Eshwar, Ananya"]
[Result "1-0"]
[WhiteElo "1040"]
[BlackElo "947"]
[PlyCount "71"]
[EventDate "2020.09.03"]
[WhiteTeam "St John's College C"]
[BlackTeam "Uxbridge Girls"]

1. e4 Nc6 2. Nf3 d5 3. Nc3 d4 4. Nb5 a6 5. Na3 e5 6. c3 Bxa3 7. bxa3 Nf6 8. Bd3
dxc3 9. dxc3 O-O 10. O-O Be6 11. h3 h6 12. Rb1 b5 13. Ra1 Bc4 14. Ne1 Bxd3 15.
Nxd3 Re8 16. Be3 Nxe4 17. Re1 Nxc3 18. Qc2 Na4 19. Qxc6 Qxd3 20. Qxc7 Qd5 21.
Red1 Qe6 22. Rd6 Qf5 23. Re1 Rec8 24. Qe7 Re8 25. Qh4 e4 26. Bxh6 gxh6 27. Rxh6
Kg7 28. Rh5 Qe6 29. Qg5+ Qg6 30. Qh4 f5 31. Rg5 Qxg5 32. Qxg5+ Kf7 33. Qxf5+
Kg7 34. Rxe4 Rad8 35. Rg4+ Kh6 36. Qg6# 1-0

[Event "Junior Online 4NCL Division 3"]
[Site "online"]
[Date "2020.09.03"]
[Round "2.167"]
[White "Siddiqui, Zainab"]
[Black "Singh, Ayush"]
[Result "0-1"]
[WhiteElo "835"]
[BlackElo "967"]
[PlyCount "98"]
[EventDate "2020.09.03"]
[WhiteTeam "Uxbridge Girls"]
[BlackTeam "St John's College C"]

1. e4 e5 2. Qh5 Nc6 3. Bb5 Nf6 4. Qf3 d6 5. d3 Bg4 6. Qg3 a6 7. Bc4 b5 8. Bb3
Nd4 9. f3 Be6 10. Na3 b4 11. Nc4 c6 12. c3 bxc3 13. bxc3 Nxb3 14. axb3 d5 15.
Nxe5 Bd6 16. Bf4 Nh5 17. Qg5 Nxf4 18. Qxf4 Qf6 19. Qxf6 gxf6 20. Nxc6 Be5 21.
Nxe5 fxe5 22. Nh3 Rc8 23. Rxa6 Kf8 24. O-O Rxc3 25. Ng5 Bd7 26. Rfa1 Bc6 27.
exd5 Bxd5 28. Ra7 Rxb3 29. Rd1 Rc3 30. Rd7 Be6 31. Nxe6+ fxe6 32. Rd8+ Kg7 33.
Rd7+ Kf6 34. Re1 Rb3 35. g4 Rb5 36. h4 h6 37. h5 Rf8 38. Re4 Kg5 39. Rg7+ Kf6
40. Rh7 Kg5 41. f4+ exf4 42. Rxe6 f3 43. Rhxh6 f2+ 44. Kf1 Rb1+ 45. Kg2 f1=Q+
46. Kg3 Qxd3+ 47. Kg2 Rb2+ 48. Kh1 Qb1+ 49. Re1 Qxe1# 0-1

[Event "Junior Online 4NCL Division 3"]
[Site "online"]
[Date "2020.09.03"]
[Round "2.168"]
[White "Fattorelli, Giulio"]
[Black "Chopra, Raashi"]
[Result "1-0"]
[WhiteElo "872"]
[BlackElo "737"]
[PlyCount "65"]
[EventDate "2020.09.03"]
[WhiteTeam "St John's College C"]
[BlackTeam "Uxbridge Girls"]

1. e4 e6 2. Nf3 d6 3. Bb5+ c6 4. Bc4 d5 5. exd5 exd5 6. Bf1 Bf5 7. Nc3 c5 8. d4
cxd4 9. Nxd4 h5 10. Nxf5 Rh6 11. Bb5+ Nd7 12. Nxh6 gxh6 13. Qe2+ Ne7 14. O-O a6
15. Bd3 Bg7 16. Bf5 f6 17. Re1 Rc8 18. Nxd5 Rc5 19. Qxe7+ Qxe7 20. Nxe7 Bf8 21.
Bg6+ Kd8 22. Nf5 Rxf5 23. Bxf5 Ne5 24. Rd1+ Nd7 25. Rxd7+ Kc8 26. Rf7+ Kd8 27.
Rxf8+ Kc7 28. Rxf6 Kb8 29. Bf4+ Ka7 30. Be3+ Ka8 31. Rd1 b5 32. Rf7 b4 33. Rd8#
1-0

[Event "Junior Online 4NCL Division 3"]
[Site "online"]
[Date "2020.10.01"]
[Round "4.11"]
[White "Tumurugoti, Vaed"]
[Black "Jessop, Osian"]
[Result "0-1"]
[WhiteElo "880"]
[BlackElo "1442"]
[PlyCount "34"]
[EventDate "2020.10.01"]
[WhiteTeam "Friar Tucks"]
[BlackTeam "Border Bandits 2"]

1. e4 e5 2. Nf3 Nc6 3. d3 Bc5 4. Nc3 d6 5. Be3 Bxe3 6. fxe3 Bg4 7. Ng1 Bxd1 8.
Rxd1 Nf6 9. Nf3 Ng4 10. Rd2 Nxe3 11. g3 Nd4 12. Nh4 g5 13. Nf5 Nexf5 14. exf5
Qf6 15. Rf2 g4 16. Nd5 Qg5 17. h4 Qc1# 0-1

[Event "Junior Online 4NCL Division 3"]
[Site "online"]
[Date "2020.10.01"]
[Round "4.12"]
[White "Watkins, Gabby"]
[Black "Brown, William"]
[Result "1-0"]
[WhiteElo "1087"]
[BlackElo "790"]
[PlyCount "29"]
[EventDate "2020.10.01"]
[WhiteTeam "Border Bandits 2"]
[BlackTeam "Friar Tucks"]

1. c4 e5 2. g3 Nc6 3. Bg2 Nf6 4. e3 Bd6 5. d4 O-O 6. Ne2 b6 7. O-O Ba6 8. b3
Qe7 9. Nbc3 Rab8 10. Re1 Nb4 11. a3 Nc6 12. d5 Na5 13. b4 Nxc4 14. Rb1 b5 15.
Ne4 1-0

[Event "Junior Online 4NCL Division 3"]
[Site "online"]
[Date "2020.10.01"]
[Round "4.13"]
[White "Khatwani, Alisha"]
[Black "Haddow, Dylan"]
[Result "0-1"]
[WhiteElo "857"]
[BlackElo "846"]
[PlyCount "60"]
[EventDate "2020.10.01"]
[WhiteTeam "Friar Tucks"]
[BlackTeam "Border Bandits 2"]

1. e4 e5 2. Nf3 Nc6 3. Nc3 Nf6 4. Bc4 Bc5 5. d3 Ng4 6. Be3 Nd4 7. Nxd4 exd4 8.
Qxg4 O-O 9. Bg5 Be7 10. Nd5 Bxg5 11. Qg3 c6 12. Nc7 d5 13. Bb3 Be7 14. Nxa8
Qa5+ 15. c3 dxc3 16. O-O cxb2 17. Rab1 Qa3 18. Rbd1 dxe4 19. Rfe1 Bd6 20. Qg4
Bc7 21. Nxc7 Bxg4 22. Rb1 exd3 23. Re4 Bf5 24. Re5 Bg6 25. Rbe1 h6 26. Bxf7+
Bxf7 27. Ne6 Qxa2 28. Nxf8 b1=Q 29. Nh7 Kxh7 30. Re8 d2 0-1

[Event "Junior Online 4NCL Division 3"]
[Site "online"]
[Date "2020.10.01"]
[Round "4.14"]
[White "Siddall, George"]
[Black "Tumurug, Vidwat"]
[Result "1-0"]
[WhiteElo "708"]
[BlackElo "760"]
[PlyCount "99"]
[EventDate "2020.10.01"]
[WhiteTeam "Border Bandits 2"]
[BlackTeam "Friar Tucks"]

1. e4 e5 2. Nf3 Nf6 3. Nxe5 d6 4. Nf3 Bg4 5. h3 Be6 6. Nc3 Nh5 7. Nd4 Bd7 8.
Qxh5 g6 9. Qd1 Qc8 10. d3 g5 11. Bxg5 h5 12. g4 hxg4 13. h4 g3 14. fxg3 Bg4 15.
Qd2 Bf5 16. O-O-O Bg4 17. Re1 Be7 18. Bxe7 Kxe7 19. Be2 Bd7 20. Qg5+ f6 21.
Qg7+ Kd8 22. Qxf6+ Ke8 23. Bh5+ Rxh5 24. Qg6+ Kf8 25. Qxh5 Bg4 26. Qh8+ Ke7 27.
Qxc8 Bxc8 28. Rh3 Bxh3 29. h5 Nc6 30. Nxc6+ Kd7 31. Nd4 Bg4 32. h6 Bh3 33. Rh1
Kd8 34. h7 Bg2 35. Rh2 Bxe4 36. dxe4 b6 37. h8=Q+ Kd7 38. Qxa8 Ke7 39. Nc6+ Kf7
40. Nd4 Kg7 41. e5 Kf7 42. exd6 Kf6 43. dxc7 Ke5 44. Nc6+ Ke6 45. c8=Q+ Kd6 46.
Rd2+ Kc5 47. Ne7+ Kb4 48. a3+ Ka5 49. Rd5+ b5 50. Rxb5# 1-0

[Event "Junior Online 4NCL Division 3"]
[Site "online"]
[Date "2020.10.01"]
[Round "4.15"]
[White "Jessop, Osian"]
[Black "Tumurugoti, Vaed"]
[Result "1-0"]
[WhiteElo "1442"]
[BlackElo "880"]
[PlyCount "49"]
[EventDate "2020.10.01"]
[WhiteTeam "Border Bandits 2"]
[BlackTeam "Friar Tucks"]

1. e4 e5 2. Nf3 Nc6 3. Bc4 b5 4. Bxb5 Nd4 5. Nxd4 c6 6. Bc4 d5 7. exd5 cxd5 8.
Bb5+ Bd7 9. Bxd7+ Qxd7 10. Nf3 Bc5 11. d3 e4 12. dxe4 d4 13. O-O Rd8 14. Ne5
Ra8 15. Nxd7 Rd8 16. Nxc5 Rc8 17. Qh5 g6 18. Qe5+ Ne7 19. Qxh8+ Ng8 20. Qxg8+
Ke7 21. Qxc8 a6 22. Qc7+ Ke8 23. Qd7+ Kf8 24. Bh6+ Kg8 25. Qe8# 1-0

[Event "Junior Online 4NCL Division 3"]
[Site "online"]
[Date "2020.10.01"]
[Round "4.16"]
[White "Brown, William"]
[Black "Watkins, Gabby"]
[Result "0-1"]
[WhiteElo "790"]
[BlackElo "1087"]
[PlyCount "76"]
[EventDate "2020.10.01"]
[WhiteTeam "Friar Tucks"]
[BlackTeam "Border Bandits 2"]

1. e4 c6 2. Nf3 d5 3. Nc3 Nf6 4. Bd3 Qc7 5. O-O e5 6. b3 Bb4 7. Bb2 Bxc3 8.
Bxc3 dxe4 9. Bxe4 Nxe4 10. d3 Nxc3 11. Qd2 Nd5 12. Rfe1 O-O 13. Rxe5 Bg4 14.
Rg5 Bxf3 15. gxf3 Qf4 16. Qxf4 Nxf4 17. Rf5 Nd5 18. c4 Nf6 19. d4 Re8 20. Re5
Rxe5 21. dxe5 Nh5 22. Rd1 Na6 23. f4 Nxf4 24. Rd7 Rb8 25. Re7 g6 26. Rd7 Nc5
27. Rc7 Ncd3 28. Rd7 Nxe5 29. Rd4 Ne6 30. Re4 Nd7 31. Rh4 Rd8 32. Rh3 Nb6 33.
Re3 Rd2 34. Re1 Rxa2 35. Rc1 Rb2 36. Rc3 Rd2 37. f3 f5 38. f4 Nxf4 0-1

[Event "Junior Online 4NCL Division 3"]
[Site "online"]
[Date "2020.10.01"]
[Round "4.17"]
[White "Haddow, Dylan"]
[Black "Khatwani, Alisha"]
[Result "0-1"]
[WhiteElo "846"]
[BlackElo "857"]
[PlyCount "56"]
[EventDate "2020.10.01"]
[WhiteTeam "Border Bandits 2"]
[BlackTeam "Friar Tucks"]

1. e4 e5 2. Nf3 d6 3. Bc4 d5 4. exd5 Bb4 5. d6 Be6 6. Ng5 Qxg5 7. Bxe6 fxe6 8.
dxc7 Nc6 9. c3 Bxc3 10. dxc3 Qxg2 11. Qh5+ g6 12. Qd1 Qxh1+ 13. Ke2 Qxd1+ 14.
Kxd1 Kd7 15. Bh6 Nxh6 16. c8=B+ Kxc8 17. Nd2 Ng4 18. h3 Nxf2+ 19. Ke1 Nd3+ 20.
Ke2 Nf4+ 21. Ke3 Nd5+ 22. Ke4 Nf6+ 23. Kf3 Rd8 24. Ke2 Kc7 25. b4 Rd7 26. b5
Rad8 27. bxc6 Rxd2+ 28. Kf3 R8d3# 0-1

[Event "Junior Online 4NCL Division 3"]
[Site "online"]
[Date "2020.10.01"]
[Round "4.18"]
[White "Tumurug, Vidwat"]
[Black "Siddall, George"]
[Result "0-1"]
[WhiteElo "760"]
[BlackElo "708"]
[PlyCount "54"]
[EventDate "2020.10.01"]
[WhiteTeam "Friar Tucks"]
[BlackTeam "Border Bandits 2"]

1. e4 e5 2. Bb5 Nf6 3. Qg4 Nxg4 4. f3 Nf6 5. Nh3 a6 6. Rf1 axb5 7. Rf2 d6 8.
Re2 Bxh3 9. Re3 Bc8 10. Rc3 b4 11. Rxc7 Qxc7 12. d4 exd4 13. Bg5 Qxc2 14. Nc3
bxc3 15. Rc1 Qxb2 16. e5 Nh5 17. Be7 Qxc1+ 18. Ke2 Bxe7 19. g4 Nf4+ 20. Kf2 d3
21. Kg3 Ne2+ 22. Kf2 d5 23. f4 Bc5+ 24. Kg2 Nxf4+ 25. Kg3 g5 26. Kf3 Qf1+ 27.
Kg3 Qf2# 0-1

[Event "Junior Online 4NCL Division 3"]
[Site "online"]
[Date "2020.10.01"]
[Round "4.21"]
[White "Groshong, William"]
[Black "Mandell, Eli"]
[Result "1-0"]
[WhiteElo "900"]
[BlackElo "1262"]
[PlyCount "61"]
[EventDate "2020.10.01"]
[WhiteTeam "Rhodes Avenue Knights"]
[BlackTeam "Surbiton Juniors C"]

1. e4 Nc6 2. Nf3 e5 3. d4 d6 4. Bc4 Nf6 5. Ng5 Be6 6. Bxe6 fxe6 7. Nxe6 Qe7 8.
Nxf8 Qxf8 9. Nc3 exd4 10. Nb5 Qe7 11. Nxd4 Qxe4+ 12. Be3 Nxd4 13. Qxd4 Qxg2 14.
O-O-O O-O 15. Rdg1 Qf3 16. Qc4+ d5 17. Qxc7 Rf7 18. Qe5 Re8 19. Qc3 Ne4 20. Qd4
Nxf2 21. Bxf2 Qxf2 22. Qxd5 Re2 23. Qc4 g6 24. Rf1 Qxf1+ 25. Rxf1 Ree7 26. Rxf7
Rxf7 27. b3 Kg7 28. Qd4+ Kh6 29. Qxa7 Rf1+ 30. Kd2 Rf2+ 31. Qxf2 1-0

[Event "Junior Online 4NCL Division 3"]
[Site "online"]
[Date "2020.10.01"]
[Round "4.22"]
[White "Baguley, Rory"]
[Black "Bolt, James"]
[Result "1-0"]
[WhiteElo "1187"]
[BlackElo "900"]
[PlyCount "107"]
[EventDate "2020.10.01"]
[WhiteTeam "Surbiton Juniors C"]
[BlackTeam "Rhodes Avenue Knights"]

1. e4 e5 2. Nf3 Nc6 3. Bc4 Bc5 4. c3 Nf6 5. d4 exd4 6. cxd4 Bb4+ 7. Nc3 Bd6 8.
e5 Bb4 9. exf6 Qxf6 10. O-O O-O 11. Nd5 Qf5 12. Qb3 Bd6 13. Ne3 Na5 14. Nxf5
Nxb3 15. axb3 Bb4 16. Ra4 d5 17. Bd3 c5 18. dxc5 Bxc5 19. Rg4 Bxf5 20. Bxf5
Rae8 21. Bh6 g6 22. Bd3 Re6 23. Bxf8 Kxf8 24. Ng5 Rb6 25. Nxh7+ Kg7 26. Ng5
Rxb3 27. Be2 Rxb2 28. Re1 Bb4 29. Rd1 Ba3 30. Bd3 f6 31. Ne6+ Kf7 32. Nd4 Bc5
33. Bxg6+ Ke7 34. Re1+ Kd6 35. Re6+ Kd7 36. Be8+ Kc7 37. Rg7+ Kd8 38. Rd7+ Kc8
39. h3 Rb1+ 40. Kh2 Bxd4 41. Bf7 Bxf2 42. Rxd5 Rg1 43. Re8+ Kc7 44. Re7+ Kc6
45. Re6+ Kxd5 46. Re2+ Kd6 47. Rxf2 Ra1 48. h4 b5 49. h5 Rc1 50. h6 Rc8 51.
Rd2+ Ke7 52. Bh5 Rh8 53. Re2+ Kf8 54. Re8# 1-0

[Event "Junior Online 4NCL Division 3"]
[Site "online"]
[Date "2020.10.01"]
[Round "4.23"]
[White "Crewe, Ben"]
[Black "Thompson, Noah"]
[Result "1/2-1/2"]
[WhiteElo "875"]
[BlackElo "1225"]
[PlyCount "128"]
[EventDate "2020.10.01"]
[WhiteTeam "Rhodes Avenue Knights"]
[BlackTeam "Surbiton Juniors C"]

1. d4 c5 2. c3 b6 3. e3 Nc6 4. Bc4 e6 5. Nf3 d5 6. Bb5 Bd7 7. Nbd2 Be7 8. h3
Nf6 9. O-O O-O 10. a4 a5 11. b3 h6 12. Ne5 Nxe5 13. dxe5 Ne4 14. Nf3 Bxb5 15.
axb5 Qd7 16. c4 Nc3 17. Qd3 Ne4 18. Rd1 Rfd8 19. Bb2 Ra7 20. Qe2 Rda8 21. Qc2
Ng5 22. Nh2 Nh7 23. e4 d4 24. Ra4 Ng5 25. Bc1 Qb7 26. f3 Rd8 27. Qf2 Qa8 28.
Bxg5 Bxg5 29. Qe2 Be3+ 30. Kh1 Bg5 31. g3 Be7 32. Ng4 h5 33. Nf2 Qb7 34. g4
hxg4 35. Nxg4 g6 36. Nf6+ Kg7 37. Ng4 Rh8 38. Kh2 Rh7 39. Qg2 Ra8 40. Qg3 Rah8
41. Rg1 Bh4 42. Qf4 Rh5 43. Nf6 Bxf6 44. Qxf6+ Kf8 45. Raa1 Rxh3+ 46. Kg2 Rh2+
47. Kf1 R2h3 48. Kf2 Rh2+ 49. Rg2 Qe7 50. Rag1 Qxf6 51. exf6 Rxg2+ 52. Rxg2 Ke8
53. e5 Kd7 54. Ke2 Kc7 55. Kd3 Rd8 56. f4 Kb7 57. Rh2 Kc7 58. Rh7 Rd7 59. Rh8
Kb7 60. Rh7 Kc7 61. Rg7 Kd8 62. Rg8+ Kc7 63. Rg7 Kb7 64. Rh7 Kc7 1/2-1/2

[Event "Junior Online 4NCL Division 3"]
[Site "online"]
[Date "2020.10.01"]
[Round "4.24"]
[White "de Villiers, Alex"]
[Black "Larcombe, Dominic"]
[Result "0-1"]
[WhiteElo "1225"]
[BlackElo "875"]
[PlyCount "51"]
[EventDate "2020.10.01"]
[WhiteTeam "Surbiton Juniors C"]
[BlackTeam "Rhodes Avenue Knights"]

1. e4 e5 2. Nf3 Nc6 3. Bc4 Bc5 4. O-O d6 5. Nc3 Nf6 6. d3 h6 7. Be3 O-O 8. Bxc5
dxc5 9. Bd5 Nd4 10. Nxd4 cxd4 11. Nb5 c6 12. Bxc6 bxc6 13. Na3 Bg4 14. f3 Bh5
15. Nc4 Qe7 16. f4 Bxd1 17. Raxd1 exf4 18. Rxf4 Nh5 19. Rf5 Nf6 20. e5 Ng4 21.
h3 Ne3 22. Nxe3 dxe3 23. Re1 Qc5 24. Rxe3 Qxe3+ 25. Kh2 Rae8 26. Rf3 0-1

[Event "Junior Online 4NCL Division 3"]
[Site "online"]
[Date "2020.10.01"]
[Round "4.25"]
[White "Mandell, Eli"]
[Black "Groshong, William"]
[Result "0-1"]
[WhiteElo "1262"]
[BlackElo "900"]
[PlyCount "54"]
[EventDate "2020.10.01"]
[WhiteTeam "Surbiton Juniors C"]
[BlackTeam "Rhodes Avenue Knights"]

1. d4 d5 2. Bf4 Nc6 3. Nf3 Bf5 4. Nc3 e6 5. e3 Nb4 6. Bd3 Bxd3 7. cxd3 Nc6 8.
Qc2 Nf6 9. Nb5 Bd6 10. Nxd6+ cxd6 11. O-O Rc8 12. Qd2 O-O 13. e4 dxe4 14. dxe4
Nxe4 15. Qe3 d5 16. Ng5 Nxg5 17. Bxg5 f6 18. Bf4 Re8 19. Rfc1 e5 20. dxe5 Nxe5
21. Rxc8 Qxc8 22. Rc1 Qf5 23. Bxe5 Rxe5 24. Qxa7 Qe6 25. Qb8+ Kf7 26. Rc7+ Kg6
27. Qxb7 Re1# 0-1

[Event "Junior Online 4NCL Division 3"]
[Site "online"]
[Date "2020.10.01"]
[Round "4.26"]
[White "Bolt, James"]
[Black "Baguley, Rory"]
[Result "0-1"]
[WhiteElo "900"]
[BlackElo "1187"]
[PlyCount "54"]
[EventDate "2020.10.01"]
[WhiteTeam "Rhodes Avenue Knights"]
[BlackTeam "Surbiton Juniors C"]

1. e4 e5 2. Nf3 Nc6 3. d4 exd4 4. Bc4 Bc5 5. c3 Nf6 6. O-O O-O 7. cxd4 Be7 8.
d5 Na5 9. d6 Bxd6 10. Bd3 Bc5 11. Bg5 d5 12. exd5 Bg4 13. h3 Bh5 14. Be2 Qxd5
15. Qxd5 Nxd5 16. Bd3 Bxf3 17. gxf3 h6 18. Be3 Bxe3 19. fxe3 Nxe3 20. Nc3 Nxf1
21. Rxf1 Rad8 22. Rd1 c5 23. b4 cxb4 24. Rd2 bxc3 25. Bh7+ Kxh7 26. Rxd8 Rxd8
27. Kf1 c2 0-1

[Event "Junior Online 4NCL Division 3"]
[Site "online"]
[Date "2020.10.01"]
[Round "4.27"]
[White "Thompson, Noah"]
[Black "Crewe, Ben"]
[Result "0-1"]
[WhiteElo "1225"]
[BlackElo "875"]
[PlyCount "92"]
[EventDate "2020.10.01"]
[WhiteTeam "Surbiton Juniors C"]
[BlackTeam "Rhodes Avenue Knights"]

1. e4 e5 2. Nf3 Nc6 3. Bb5 Bd6 4. O-O a6 5. Be2 h6 6. Nc3 b5 7. b3 Bc5 8. d3 d6
9. Be3 Bb4 10. Bd2 Bc5 11. Be3 Bb4 12. Bd2 Bc5 13. a3 Nd4 14. Be3 Nf6 15. b4
Bb6 16. Nd5 Nxf3+ 17. Bxf3 Bxe3 18. Nxe3 O-O 19. d4 Re8 20. c3 Bb7 21. Qc2 a5
22. h3 a4 23. Qd3 c6 24. c4 bxc4 25. Nxc4 Ba6 26. Qc2 d5 27. dxe5 Bxc4 28. Be2
Bxe2 29. Qxe2 Rxe5 30. f3 dxe4 31. Rad1 Qb6+ 32. Kh1 Nh5 33. f4 Ng3+ 34. Kh2
Nxe2 35. Rd2 Rf5 36. Rxe2 Qb5 37. Rfe1 Rxf4 38. Kg3 Qg5+ 39. Kh2 Re8 40. g3 Rf3
41. Rg1 e3 42. h4 Qg4 43. Kg2 Qxg3+ 44. Kh1 Qxh4+ 45. Rh2 Qe4 46. Rhg2 Rh3# 0-1

[Event "Junior Online 4NCL Division 3"]
[Site "online"]
[Date "2020.10.01"]
[Round "4.28"]
[White "Larcombe, Dominic"]
[Black "de Villiers, Alex"]
[Result "1/2-1/2"]
[WhiteElo "875"]
[BlackElo "1225"]
[PlyCount "99"]
[EventDate "2020.10.01"]
[WhiteTeam "Rhodes Avenue Knights"]
[BlackTeam "Surbiton Juniors C"]

1. e4 e5 2. Nf3 Nc6 3. Bc4 Bc5 4. Nc3 Nf6 5. d3 O-O 6. Bg5 Bd4 7. Nxd4 exd4 8.
Nd5 Ne7 9. Nxf6+ Kh8 10. Ng4 f6 11. Bh4 g5 12. Bg3 h5 13. Nh6 h4 14. Nf7+ Kg7
15. Nxd8 Rxd8 16. Bxc7 Rh8 17. Bd6 Nc6 18. O-O Na5 19. Bd5 Nc6 20. Bxc6 dxc6
21. Be7 Kf7 22. Bd6 b6 23. Qf3 Rd8 24. Bc7 Rd7 25. Bxb6 axb6 26. Qf5 Rd5 27.
Qh7+ Ke6 28. Qg8+ Kd6 29. Qd8+ Kc5 30. Qxf6 Rd6 31. Qe5+ Rd5 32. Qc7 Rd7 33.
Qe5+ Kb4 34. Qxg5 Rh7 35. c3+ dxc3 36. bxc3+ Kxc3 37. Rfc1+ Kxd3 38. Re1 h3 39.
Qe3+ Kc4 40. Rac1+ Kb5 41. Qb3+ Ka6 42. Qa3+ Kb7 43. Qc3 hxg2 44. Kxg2 Bh3+ 45.
Kg1 Rg8+ 46. Kh1 Bg2+ 47. Kg1 Bh3+ 48. Kh1 Bg2+ 49. Kg1 Bh3+ 50. Kh1 1/2-1/2

[Event "Junior Online 4NCL Division 3"]
[Site "online"]
[Date "2020.10.01"]
[Round "4.32"]
[White "Horwood, Alexander"]
[Black "Gandhi, Preesh"]
[Result "0-1"]
[WhiteElo "1000"]
[BlackElo "1082"]
[PlyCount "42"]
[EventDate "2020.10.01"]
[WhiteTeam "Harrow Juniors F"]
[BlackTeam "Warwickshire Bears G"]

1. e4 e5 2. Nf3 Nc6 3. Nc3 Nf6 4. Bb5 d6 5. O-O Bd7 6. d3 Be7 7. Bg5 O-O 8. Qd2
h6 9. Bxf6 Bxf6 10. Bxc6 Bxc6 11. Rad1 Bg5 12. Qe2 f5 13. exf5 Rxf5 14. Rfe1
Bxf3 15. gxf3 Bf4 16. Qe4 Qg5+ 17. Kf1 Bxh2 18. Qd5+ Kh8 19. Qxb7 Raf8 20. Ke2
Rxf3 21. Qxc7 Rxf2# 0-1

[Event "Junior Online 4NCL Division 3"]
[Site "online"]
[Date "2020.10.01"]
[Round "4.33"]
[White "Madoc, Gaspard"]
[Black "Kulkarni, Bandish"]
[Result "0-1"]
[WhiteElo "1067"]
[BlackElo "700"]
[PlyCount "80"]
[EventDate "2020.10.01"]
[WhiteTeam "Warwickshire Bears G"]
[BlackTeam "Harrow Juniors F"]

1. e4 e5 2. Bc4 Nf6 3. Nc3 Bc5 4. d3 O-O 5. Bg5 h6 6. Bh4 Nc6 7. Nf3 d6 8. Nd5
g5 9. Bxg5 hxg5 10. Nxg5 Nxd5 11. Bxd5 Qxg5 12. O-O Bh3 13. Qf3 Bg4 14. Qg3 Nb4
15. Rfc1 Kg7 16. h3 Rh8 17. hxg4 Qh6 18. Kf1 Nxd5 19. exd5 c6 20. dxc6 bxc6 21.
Ke2 Rab8 22. g5 Qh5+ 23. Kd2 Rxb2 24. Kc3 Rb4 25. a3 Rg4 26. Qf3 Bd4+ 27. Kb3
Bxa1 28. Rxa1 Qxg5 29. Qxc6 Rb8+ 30. Kc3 Qd8 31. Qf3 Qc7+ 32. Kd2 Rg6 33. Qe4
Qe7 34. d4 Qg5+ 35. Kc3 Rc8+ 36. Kd3 Re6 37. dxe5 Rxe5 38. Qb7 Qf5+ 39. Kd2
Rxc2+ 40. Kd1 Qd3# 0-1

[Event "Junior Online 4NCL Division 3"]
[Site "online"]
[Date "2020.10.01"]
[Round "4.34"]
[White "Parikh, Aadhya"]
[Black "Patel, Diah Dipal"]
[Result "0-1"]
[WhiteElo "700"]
[BlackElo "895"]
[PlyCount "48"]
[EventDate "2020.10.01"]
[WhiteTeam "Harrow Juniors F"]
[BlackTeam "Warwickshire Bears G"]

1. e4 e5 2. Nf3 Nc6 3. Nc3 Nf6 4. Bb5 Bb4 5. d3 O-O 6. Bg5 h6 7. Bxf6 Qxf6 8.
O-O Qg6 9. g3 d6 10. Bxc6 bxc6 11. a3 Bxc3 12. bxc3 Bh3 13. Re1 Qf6 14. Re3 d5
15. a4 dxe4 16. dxe4 Rad8 17. Qb1 Bg4 18. Qe1 Bxf3 19. Kf1 Rd7 20. c4 Rfd8 21.
Rd1 Rxd1 22. Rxf3 Rxe1+ 23. Kxe1 Qxf3 24. c5 Qd1# 0-1

[Event "Junior Online 4NCL Division 3"]
[Site "online"]
[Date "2020.10.01"]
[Round "4.36"]
[White "Gandhi, Preesh"]
[Black "Horwood, Alexander"]
[Result "1-0"]
[WhiteElo "1082"]
[BlackElo "1000"]
[PlyCount "21"]
[EventDate "2020.10.01"]
[WhiteTeam "Warwickshire Bears G"]
[BlackTeam "Harrow Juniors F"]

1. e4 e5 2. Nf3 Nf6 3. Nxe5 Bb4 4. Bc4 d6 5. Nxf7 Qe7 6. Nxh8 Qxe4+ 7. Be2 Qxg2
8. Bf3 Qxf3 9. Qxf3 Nc6 10. Qb3 Kf8 11. Qf7# 1-0

[Event "Junior Online 4NCL Division 3"]
[Site "online"]
[Date "2020.10.01"]
[Round "4.37"]
[White "Kulkarni, Bandish"]
[Black "Madoc, Gaspard"]
[Result "0-1"]
[WhiteElo "700"]
[BlackElo "1067"]
[PlyCount "122"]
[EventDate "2020.10.01"]
[WhiteTeam "Harrow Juniors F"]
[BlackTeam "Warwickshire Bears G"]

1. e4 e5 2. Nf3 Nc6 3. Bc4 Nf6 4. O-O Bc5 5. Nc3 O-O 6. d3 d6 7. Bd2 Bg4 8. h3
Bh5 9. Bg5 Nd4 10. g4 Nxf3+ 11. Qxf3 Bg6 12. Nd5 h6 13. Bxf6 gxf6 14. Nxf6+ Kg7
15. Nh5+ Bxh5 16. gxh5 Qf6 17. Qg4+ Qg5 18. Qxg5+ hxg5 19. Rfd1 f5 20. Be6 fxe4
21. dxe4 Bxf2+ 22. Kg2 Rae8 23. Bf5 Bh4 24. Rf1 Rf6 25. Bg6 Rxf1 26. Rxf1 Rf8
27. Bf5 Kh6 28. Rf3 Kxh5 29. Rc3 c5 30. Rd3 Rd8 31. Rb3 b6 32. Bg4+ Kg6 33. Rf3
d5 34. exd5 Rxd5 35. Bf5+ Kh5 36. c4 Rd2+ 37. Kf1 Rxb2 38. Bg4+ Kg6 39. Rf8
Rxa2 40. Rg8+ Kh6 41. Be6 Rh2 42. Bg4 e4 43. Rh8+ Kg6 44. Bh5+ Kf5 45. Rf8+ Ke5
46. Re8+ Kd4 47. Be2 Rf2+ 48. Ke1 Rf8+ 49. Kd2 Rxe8 50. Bh5 e3+ 51. Ke2 Kxc4
52. Kf3 e2 53. Kg2 e1=Q 54. Kf3 Qe3+ 55. Kg4 Rf8 56. Bg6 Qg3+ 57. Kh5 Rh8+ 58.
Bh7 Rxh7+ 59. Kg6 Qc7 60. Kf5 Qf4+ 61. Kg6 Qf7# 0-1

[Event "Junior Online 4NCL Division 3"]
[Site "online"]
[Date "2020.10.01"]
[Round "4.38"]
[White "Patel, Diah Dipal"]
[Black "Parikh, Aadhya"]
[Result "1-0"]
[WhiteElo "895"]
[BlackElo "700"]
[PlyCount "31"]
[EventDate "2020.10.01"]
[WhiteTeam "Warwickshire Bears G"]
[BlackTeam "Harrow Juniors F"]

1. e4 e5 2. Nf3 Nc6 3. Nc3 Nf6 4. Bb5 Bb4 5. O-O O-O 6. Bc4 d6 7. Ng5 h6 8. Nh3
Bxh3 9. gxh3 Bxc3 10. dxc3 Na5 11. Bb3 Nxb3 12. cxb3 Qe7 13. Qf3 c5 14. Qg2
Rae8 15. Bxh6 Kh7 16. Qxg7# 1-0

[Event "Junior Online 4NCL Division 3"]
[Site "online"]
[Date "2020.10.01"]
[Round "4.41"]
[White "Rahimifard, Cyrus"]
[Black "Vijayakumar, Rishi"]
[Result "0-1"]
[WhiteElo "1127"]
[BlackElo "1002"]
[PlyCount "54"]
[EventDate "2020.10.01"]
[WhiteTeam "Leicestershire Juniors 3"]
[BlackTeam "Dundee City"]

1. e4 e6 2. Nf3 d5 3. e5 c5 4. Nc3 Nc6 5. d3 Nge7 6. Bg5 h6 7. Bxe7 Bxe7 8. Qd2
Qc7 9. O-O-O Nxe5 10. Re1 Nxf3 11. gxf3 Bg5 12. Re3 d4 13. Kb1 dxc3 14. Qxc3
Bxe3 15. Be2 Bd4 16. Qd2 Qe5 17. c3 Bxf2 18. d4 cxd4 19. cxd4 Qxd4 20. Qxd4
Bxd4 21. Rd1 e5 22. f4 Bf5+ 23. Ka1 O-O 24. fxe5 Bxe5 25. Bc4 Rfd8 26. Rxd8+
Rxd8 27. Bb5 Rd1# 0-1

[Event "Junior Online 4NCL Division 3"]
[Site "online"]
[Date "2020.10.01"]
[Round "4.42"]
[White "Barron-Majerik, Alexander"]
[Black "Abraham, Leo"]
[Result "1-0"]
[WhiteElo "221"]
[BlackElo "1015"]
[PlyCount "65"]
[EventDate "2020.10.01"]
[WhiteTeam "Dundee City"]
[BlackTeam "Leicestershire Juniors 3"]

1. e4 e5 2. Nf3 Nc6 3. Bc4 h6 4. Nc3 Nf6 5. O-O Bc5 6. d3 O-O 7. Be3 Nd4 8.
Nxe5 d6 9. Nf3 Bg4 10. Bxd4 Bxd4 11. Nb5 Bxb2 12. Rb1 Be5 13. d4 c6 14. Na3
Bxd4 15. Qxd4 Bxf3 16. gxf3 Nh5 17. e5 Qg5+ 18. Qg4 Qxe5 19. Bd3 Rfe8 20. Qe4
Qg5+ 21. Qg4 Qe5 22. Kh1 Re6 23. Qe4 Qg5 24. Qh7+ Kf8 25. Bc4 Nf6 26. Qh8+ Ng8
27. Bxe6 fxe6 28. Rbe1 Kf7 29. Rg1 Qf5 30. Qxg7+ Ke8 31. Qxg8+ Kd7 32. Rg7+ Qf7
33. Rxf7# 1-0